000 00918nam a22002297a 4500
005 20080926152134.0
008 080926t xxu||||| |||| 00| 0 eng d
010 _aENG-91060
020 _a9788184500912
_c1800.00
035 _aEN-74593
037 _bDBAD / PUB
040 _aDPL
082 _a658.3
100 _aBhatia, S.K.
245 _aEmerging human resource management (HRM) :
_cby S.K. Bhatia; foreword by C.S. Venkata Ratnam
_bblueprint to optimise human assets, latest concepts, practices and strategic approaches /
260 _aNew Delhi
_bDeep & Deep Publications
_c2008
300 _axiv, 433p.
_c23cm.(Hb)
500 _aIncludes index
650 _aHuman resource management
942 _2ddc
_cEN
_h658.3
_mBHA
999 _c15756
_d15756